| 000 | 00640nam a2200229Ia 4500 | ||
|---|---|---|---|
| 003 | OSt | ||
| 005 | 20220928122052.0 | ||
| 006 | a|||||r|||| 00| 0 | ||
| 007 | ta | ||
| 008 | 220927b |||||||| |||| 00| 0 eng d | ||
| 024 | _a32621 | ||
| 037 | _cTextual | ||
| 040 |
_aSDCL _cSDCL _beng |
||
| 041 |
_2eng _aeng |
||
| 082 | _aO15:g(V2:72), P8 | ||
| 100 |
_aDabral Parthsarathi _9455862 |
||
| 245 | 0 | _aSanskrit puralekho k char adhyayea. | |
| 260 |
_aNew Delhi _bNational Publishing House. _c2008 |
||
| 300 |
_axiv,155p. _ccm. |
||
| 942 |
_hO15:g(V2:72), P8 _cTEXL _2CC |
||
| 999 |
_c769507 _d769507 |
||